شہزادی : (Record no. 106829)

MARC details
000 -LEADER
fixed length control field 00780nam a22002537a 4500
005 - DATE AND TIME OF LATEST TRANSACTION
control field 20170123162317.0
010 ## - LIBRARY OF CONGRESS CONTROL NUMBER
LC control number A-644521
020 ## - INTERNATIONAL STANDARD BOOK NUMBER
Terms of availability 80.00
035 ## - SYSTEM CONTROL NUMBER
System control number A-644521
037 ## - SOURCE OF ACQUISITION
Source of stock number/acquisition Cen Lib/Ret
040 ## - CATALOGING SOURCE
Original cataloging agency DPL
Language of cataloging UR
082 ## - DEWEY DECIMAL CLASSIFICATION NUMBER
Classification number ن
Item number ٹ ه ا
100 ## - MAIN ENTRY--PERSONAL NAME
Personal name ٹھاکر، کرن
9 (RLIN) 14217
245 ## - TITLE STATEMENT
Title شہزادی :
Statement of responsibility, etc کرن ٹھاکر
Remainder of title ناول /
246 ## - VARYING FORM OF TITLE
Title proper/short title Shahzadi : novel /
Remainder of title by Kiran Thakar
260 ## - PUBLICATION, DISTRIBUTION, ETC. (IMPRINT)
Place of publication, distribution, etc دہلی
Name of publisher, distributor, etc ماڈرن پبلشنگ ہاؤس
Date of publication, distribution, etc 1994
270 ## - ADDRESS
Address ٩، گولہ مارکیٹ دریاگنج
City دہلی
Postal code 110002
300 ## - PHYSICAL DESCRIPTION
Extent 222p.
Dimensions 19cm(Hb)
650 ## - SUBJECT ADDED ENTRY--TOPICAL TERM
Topical term or geographic name as entry element اردو ادب
9 (RLIN) 115439
650 ## - SUBJECT ADDED ENTRY--TOPICAL TERM
Topical term or geographic name as entry element اردو ناول
9 (RLIN) 547
650 ## - SUBJECT ADDED ENTRY--TOPICAL TERM
Topical term or geographic name as entry element Urdu literature
9 (RLIN) 115440
650 ## - SUBJECT ADDED ENTRY--TOPICAL TERM
Topical term or geographic name as entry element Urdu novel
9 (RLIN) 115441
942 ## - ADDED ENTRY ELEMENTS (KOHA)
Source of classification or shelving scheme Dewey Decimal Classification
Koha item type Urdu Bks
Classification part ن
Call number suffix ٹ ه ا
Holdings
Withdrawn status Lost status Damaged status Not for loan Home library Current library Date acquired Source of acquisition Cost, normal purchase price Total Checkouts Full call number Barcode Date last seen Copy number Cost, replacement price Price effective from Koha item type
        Central Library Central Library 30/12/2015 Cen Lib/Ret 80.00   ن ٹ ه ا A-644521 30/12/2015 1 80.00 30/12/2015 Urdu Bks

© Delhi Public Library
Hit Counter
free hit counter